000 00695nam a2200289Ia 4500
005 20260324131307.0
008 008 260324s9999 xx 000 0 eng d
020 _a9781315254883
037 _aEBOOK
040 _aCRL
040 _beng
040 _cCRL
041 _2eng
041 _aeng
084 _qCRL
100 _aLouise Hill Curth
_91184968
245 0 _aFrom Physick to Pharmacology
245 0 _bFive Hundred Years of British Drug Retailing
260 _bTaylor and Francis
260 _c2006
365 _a
365 _b240
856 _uhttp://www.taylorfrancis.com/books/9781315254883
942 _cEBOOK
999 _c1781980
_d1781980